Introduction to complex analysis

Wedi'i Gadw mewn:
Manylion Llyfryddiaeth
Prif Awduron: Nevanlinna, Rolf (Awdur), Paatero, V (Awdur)
Fformat: Llyfr
Iaith:Saesneg
Cyhoeddwyd: Reading Addison-Wesley 1969
Pynciau:
Tagiau: Ychwanegu Tag
Dim Tagiau, Byddwch y cyntaf i dagio'r cofnod hwn!

MARC

LEADER 00000nam a2200000 a 4500
001 UCW0662
003 CL-VaPUC
008 880705e19690000US |||||||||||||||||eng|d
082 0 4 |a 515.9  |b NEV  |2 21 
100 0 |a Nevanlinna, Rolf  |e author  |9 304559 
700 0 |a Paatero, V  |e author  |9 304560 
245 1 0 |a Introduction to complex analysis 
300 |a 348 p 
942 |c BK 
945 |d 19880705 00:00:00 
260 |a Reading  |b Addison-Wesley  |c 1969 
650 0 |a Funciones de variables complejas  |9 260212 
650 0 |a Análisis matemático   |9 260146 
583 |a last modification  |c 20140410 11:37:14  |k Rodrigo Vera 
999 |c 215736  |d 215734 
952 |0 0  |1 0  |4 0  |6 515_900000000000000_NEV_1969  |7 0  |8 A  |9 200542  |a BIBMAT  |b BIBMAT  |d 2019-11-14  |i 2677768  |o 515.9 NEV 1969  |p 2677768  |r 2025-01-07  |w 2019-11-14  |y BK  |k MAT 
952 |0 0  |1 0  |4 0  |6 515_900000000000000_NEV_1969  |7 0  |8 A  |9 200543  |a BIBMAT  |b BIBMAT  |d 2019-11-14  |i 1317709  |o 515.9 NEV 1969  |p 1317709  |r 2025-01-07  |w 2019-11-14  |y BK  |k MAT 
952 |0 0  |1 0  |4 0  |6 515_900000000000000_NEV_1969  |7 0  |8 A  |9 200544  |a BIBMAT  |b BIBMAT  |d 2019-11-14  |i 131775K  |o 515.9 NEV 1969  |p 131775K  |r 2025-01-07  |w 2019-11-14  |y BK  |k MAT 
952 |0 0  |1 0  |4 0  |6 515_900000000000000_NEV_1969  |7 0  |8 A  |9 200545  |a BIBMAT  |b BIBMAT  |d 2019-11-14  |i 4489705  |o 515.9 NEV 1969  |p 4489705  |r 2025-01-07  |w 2019-11-14  |y BK  |k MAT